000 00405nam a2200157 i 4500
001 141341
003 ES-MaACL
005 20230906200256.0
007 t|
008 070921s1919 xxk ||||1| eng d
100 1 _aWillcocks, M. P.
_9116883
245 1 0 _aTowards new horizons /
_cM P. Willcocks.
260 _aLondon :
_bJohn Lane,
_c1919.
300 _a214 p. ;
_c19 cm.
852 _aES-MaACL
_jF-8045
999 _c141341
_d141341